Karl Rahner

-д хадгалсан:
Номзүйн дэлгэрэнгүй
Үндсэн зохиолчид: Muller, Charles (auteur), Vorgrimler, Herbert (Зохиогч)
Формат: Ном
Хэл сонгох:франц
Хэвлэсэн: París Fleurus 1965
Цуврал:Collection Theologiens et Spirituels contemporains, 2
Нөхцлүүд:
Шошгууд: Шошго нэмэх
Шошго байхгүй, Энэхүү баримтыг шошголох эхний хүн болох!

MARC

LEADER 00000nam a2200000 a 4500
001 UCW9148
003 CL-VaPUC
005 20220518172343.0
008 881213e19650000FR |||||||||||||||||fre|d
999 |c 221187  |d 221185 
040 |c Pontificia Universidad Católica de Valparaíso 
082 0 4 |a 230.092  |b MUL  |2 21 
100 1 |a Muller, Charles  |e auteur  |9 869388 
245 1 0 |a Karl Rahner 
260 |a París  |b Fleurus  |c 1965 
300 |a 189 p 
490 0 |a Collection Theologiens et Spirituels contemporains, 2 
583 |a last modification  |c 19881213 00:00:00  |k Rodrigo Vera 
600 0 7 |a RAHNER, KARL  |2 CL-VaPUC  |9 314306 
650 0 |a Teología dogmática   |9 313198 
700 0 |a Vorgrimler, Herbert  |e author  |9 314305 
942 |c BK  |2 ddc 
945 |d 19881213 00:00:00 
952 |0 0  |1 0  |4 0  |6 230_092000000000000_MUL_1965  |7 0  |8 A  |9 214246  |a BIBTEO  |b BIBTEO  |d 2019-11-15  |i 2828685  |o 230.092 MUL 1965  |p 2828685  |r 2025-01-17  |w 2019-11-15  |y BK  |k ICR